The complete works of Edgar Allan Poe

שמור ב:
מידע ביבליוגרפי
מחבר ראשי: Poe, Edgar Allan
פורמט: ספר
שפה:Undetermined
יצא לאור: New York, Estados Unidos AMS Press 1979
נושאים:
תגים: הוספת תג
אין תגיות, היה/י הראשונ/ה לתייג את הרשומה!

MARC

LEADER 00000nam a2200000Ia 4500
008 170316s9999 xx 000 0 und d
040 |a cru BVZT 
090 |a 810 P-15co v.15 
100 |a Poe, Edgar Allan 
245 4 |a The complete works of Edgar Allan Poe 
260 |a New York, Estados Unidos 
260 |b AMS Press 
260 |c 1979 
300 |a 293 páginas Vol 15 (Literary-Autobiograpáginashy) 
650 |a LITERATURA ESTADOUNIDENSE 
999 |c 6018  |d 6018 
942 |c 15 D  |h 810 P-15co v.15  |2 z